Statistics for Top 15 Countries with Covid-19 Cases - 29 July

Click here to take the quiz!

General Stats

  • This quiz has been taken 16 times
  • The average score is 18 of 25

Answer Stats

country% Correct
India
100%
Russia
100%
United States
100%
Brazil
93%
Italy
93%
Spain
87%
United Kingdom
87%
Chile
80%
Chile
80%
Colombia
80%
Mexico
80%
Peru
80%
Iran
73%
South Africa
73%
Sweden
73%
Pakistan
67%
Saudi Arabia
67%
Bahrain
60%
Kuwait
60%
Qatar
60%
Oman
53%
Panama
53%
Singapore
53%
Armenia
40%
Israel
20%

Score Distribution

Percentile by Number Answered

Percent of People with Each Score

Your Score History

You have not taken this quiz